Loading...

Manak hindi bhasha vyakaran darshika /

Bibliographic Details
Main Author: Ganesh Pawar
Format: Printed Book
Published: Kanpur: Aman Prakashan, 2007
LEADER 00473nam a22001457a 4500
008 140827b ii||||| |||| 00| 0 hin d
999 |c 247635  |d 247635 
020 |a 8190383051 
100 |a Ganesh Pawar 
245 |a Manak hindi bhasha vyakaran darshika /  |c Ganesh Pawar and Raju Bagalkot 
260 |a Kanpur:  |b Aman Prakashan,  |c 2007 
300 |a 192p 
546 |a in Hindi 
942 |c BK 
952 |0 0  |1 0  |4 0  |7 0  |9 274971  |a HIN  |b HIN  |c s-3  |d 2017-06-22  |i 23752  |l 0  |p HIN23752  |r 2017-06-22  |w 2017-06-22  |y BK